Tous les Pokémon des rivaux / amis - Statistiques

Statistiques générales
  • Ce quiz a été pris 140 fois
    8 depuis la dernière actualisation
  • Le résultat moyen est 141 sur 402
Statistiques - réponses
Dresseur 1ère Apparition Type de quiz Réponse % Correct
Psy Alakazam
100%
Feu Arcanin
100%
Blue Rouge & Bleu Feu / Vol Dracaufeu
100%
Plante / Poison Florizarre
100%
Eau / Vol Leviator
100%
Plante / Psy Noadkoko
100%
Normal Rattatac
100%
Sol / Roche Rhinoferos
100%
Normal / Vol Roucarnage
100%
Eau Tortank
100%
Psy Alakazam
83%
Eau Aligatueur
83%
Dragon / Vol Altaria
83%
Plante Boskara
83%
Rubis Omega & Saphir Alpha Feu / Combat Brasegali
83%
Feu / Sol Chamallot
83%
Plante / Combat Chapignon
83%
Feu / Combat Chimpenfeu
83%
Spectre / Poison Ectoplasma
83%
Ténèbres / Glace Farfuret
83%
Feu / Vol Flambusard
83%
Eau / Sol Flobio
83%
Brice / Flora Rubis & Saphir Feu / Combat Galifeu
83%
Rubis Omega & Saphir Alpha Psy / Combat Gallame
83%
Timmy Rubis & Saphir Psy / (Fée) Gardevoir
83%
Normal / Vol Hélédelle
83%
Plante Jungko
83%
Sol / Psy Kaorine
83%
Eau / Sol Laggron
83%
Combat Mackogneur
83%
Électrik / Acier Magneton
83%
Électrik / Acier Magneton
83%
Électrik / Acier Magnezone
83%
Plante Massko
83%
Plante Meganium
83%
Poison / Vol Nostenfer
83%
Diamant étincelant& Perle scintillante Eau / Acier Pingoléon
83%
Louka Diamant & Perle Eau Prinplouf
83%
Plante / Poison Rafflesia
83%
Plante / Poison Roselia
83%
Plante / Poison Roserade
83%
Let's Go Pikachu & Evoli Normal / Vol Roucarnage
83%
Rouge feu & Vert feuille Insecte / Combat Scarhino
83%
Sol / Vol Scorvol
83%
Feu / Combat Simiabraz
83%
Plante / Sol Torterra
83%
Plante / Vol Tropius
83%
Silver Or & Argent Feu Typhlosion
83%
Eau Wailmer
83%
Eau Wailord
83%
Eau / Fée Azumarill
67%
Plante Balignon
67%
Eau / Vol Bekipan
67%
Normal Brouhabam
67%
Dragon / Sol Carchacrok
67%
Emeraude Feu Chartor
67%
Eau / Glace Crustabri
67%
Normal / Vol Etouraptor
67%
Psy / Combat Gallame
67%
Feu Galopa
67%
Eau / Plante Ludicolo
67%
Électrik / (Acier) Magneton
67%
Fée Mélodelfe
67%
Normal (Fée) Mélofée
67%
Insecte / Vol Papilord
67%
Diamant étincelant & Perle scintillante Eau / Acier Pingoléon
67%
Eau / Acier Pingoleon
67%
Noir 2 & Blanc 2 Roche / Vol Ptera
67%
Let's Go Evoli Électrik Raichu
67%
Normal / Vol Rapasdepic
67%
Heartgold & Soulsilver Sol / Roche Rhinastoc
67%
Plante / Poison Roserade
67%
Feu / Combat Simiabraz
67%
René Diamant & Perle Feu / Combat Simiabraz
67%
Plante / Sol Torterra
67%
Plante / Sol Torterra
67%
Roche / Ténèbres Tyranocif
67%
Feu / Roche Volcaropod
67%
Plante Boskara
50%
Combat / Vol Brutalibré
50%
Feu / Combat Chimpenfeu
50%
Ténèbres / Vol Corboss
50%
Normal Delcatty
50%
Ténèbres / Glace Dimoret
50%
Eau / Psy Flagadoss
50%
Feu Galopa
50%
Glace Givrali
50%
Roche / Eau Kabutops
50%
Feu Limagma
50%
Cornélia X & Y Combat / Acier Lucario
50%
Glace / Sol Mammochon
50%
Lilie Ultra Soleil & Ultra Lune Fée Melofee
50%
Psy / Fée M. Mime
50%
Glace / Spectre Momartik
50%
Poison / Vol Nostenfer
50%
Poison / Vol Nostenfer
50%
Sol Ossatueur
50%
Aurore Diamant & Perle Eau Prinplouf
50%
Insecte / Fée Rubombelle
50%
Sol Sablaireau
50%
Insecte / Combat Scarhino
50%
Rudy Légendes Z-A Eau / Psy Staross
50%
Fée / Vol Togekiss
50%
Roche / Plante Vacilys
50%
Trace Let's Go Pikachu Électrik Voltali
50%
Ténèbres Absol
33%
Eau Aligatueur
33%
Dragon / Vol Altaria
33%
Eau / Ténèbres Amphinobi
33%
Sannah X & Y Eau / Ténèbres Amphinobi
33%
Ténèbres / Fée Angoliath
33%
Ténèbres / Fée Angoliath
33%
Jaune Eau Aquali
33%
Eau Aquali
33%
Eau Aquali
33%
Plante / Spectre Archeduc
33%
Ténèbres / Combat Baggaid
33%
Inno Légendes Z-A Ténèbres / Combat Baggaïd
33%
Plante / Combat Blindepique
33%
Plante / Combat Blindepique
33%
Plante / Combat Blindépique
33%
Plante / Glace Blizzaroi
33%
Plante Bouldeneu
33%
Combat / Vol Brutalibre
33%
Vol / Dragon Bruyverne
33%
Combat / Psy Charmina
33%
Insecte / Plante Cheniselle ( Cape Plante )
33%
Eau Clamiral
33%
Bianca Noir & Blanc Eau Clamiral
33%
Eau Clamiral
33%
Poison / Combat Coatox
33%
Poison / Combat Coatox
33%
Tierno X & Y Eau / Ténèbres Colhomard
33%
Vol / Acier Corvaillus
33%
Normal Coudlangue
33%
Combat / Glace Crabominable
33%
Combat / Glace Crabominable
33%
Eau / Glace Crustabri
33%
Normal / Vol Deflaisan
33%
Normal / Vol Deflaisan
33%
Spectre / Plante Desseliande
33%
Pepper Écarlate & Violet Ténèbres Dogrino
33%
Feu / Vol Dracaufeu
33%
Dragon / Vol Dracolosse
33%
Roche / Glace Dragmara
33%
Feu / Ténèbres Felinferno
33%
Feu / Ténèbres Félinferno
33%
Plante Feuiloutan
33%
Plante Feuiloutan
33%
Plante Feuiloutan
33%
Feu Feunard
33%
Sophora Epée & Bouclier Poison / Psy Flagadoss de Galar
33%
Feu / Vol Flambusard
33%
Feu / Spectre Flâmigator
33%
Feu Flamoutan
33%
Feu Flamoutan
33%
Feu Flamoutan
33%
Fée Florges
33%
Plante / Poison Florizarre
33%
Eau Flotoutan
33%
Eau Flotoutan
33%
Eau Flotoutan
33%
Normal Frison
33%
Normal Frison
33%
Psy / Combat Gallame
33%
Psy / Fée Galopa de Galar
33%
Roche Gigalithe
33%
Roche Gigansel
33%
Nacchara Légendes Arceus Glace Givrali
33%
Plante Gorythmic
33%
Kalem / Serena X & Y Feu / Psy Goupelin
33%
Feu / Psy Goupelin
33%
Psy Kadabra
33%
Ténèbres Leopardus
33%
Nabil Epée & Bouclier Eau Lezargus
33%
Combat / Acier Lucario
33%
Spectre / Feu Lugulabre
33%
Feu Maganon
33%
Feu Maganon
33%
Plante Majaspic
33%
Plante Majaspic
33%
Plante Majaspic
33%
Noir 2 & Blanc 2 Normal Mastouffe
33%
Normal Mastouffe
33%
Fée Méganium
33%
Travis Epée & Bouclier Psy Meios
33%
Fée Mélodelfe
33%
Normal (Fée) Mélofée
33%
Psy Mentali
33%
Plante / Ténèbres Miascarade
33%
Normal Miradar
33%
Psy Mistigrix
33%
Rosemary Epée & Bouclier Électrik / Ténèbres Morpeko
33%
Électrik / Feu Motisma ( Chaleur )
33%
Électrik / Eau Motisma ( Lavage )
33%
Électrik / Plante Motisma ( Tonte )
33%
Dragon Muplodocus
33%
Psy Mushana
33%
Eau Musteflott
33%
Noir 2 & Blanc 2 Normal Nanmeouie
33%
Pania Écarlate & Violet Ténèbres Noctali
33%
Spectre Noctunoir
33%
Fée Nymphali
33%
Fée Nymphali
33%
Électrik Ohmassacre
33%
Tili Soleil & Lune Eau / Fée Oratoria
33%
Menzi Écarlate & Violet Eau / Combat Palmaval
33%
Adamantin Légendes Arceus Plante Phyllali
33%
Plante Phyllali
33%
Électrik / Combat Pohmarmotte
33%
Plante / Dragon Pomdorochi
33%
Feu Pyrobut
33%
Feu Pyroli
33%
Feu Pyroli
33%
Feu Pyroli
33%
Feu Pyroli
33%
Électrik / Psy Raichu d'Alola
33%
Dragon / Feu Reshiram
33%
Roche / Dragon Rexillius
33%
Saturnin Epée & Bouclier Poison / Psy Roigada de Galar
33%
Tcheren Noir & Blanc Feu / Combat Roitiflam
33%
Feu / Combat Roitiflam
33%
Matis Noir 2 & Blanc 2 Feu / Combat Roitiflam
33%
Boro / Cety Légendes Z-A Feu / Combat Roitiflam
33%
Normal Ronflex
33%
Normal Rongrigou
33%
Insecte / Fée Rubombelle
33%
Ténèbres / Acier Scalproie
33%
Sol / Vol Scorvol
33%
Plante / Feu Scovilain
33%
Combat Shaofouine
33%
Gladio Soleil & Lune Normal Silvallie
33%
Psy / Fée Sorcilence
33%
Eau Tarpaud
33%
Eau / Combat Tartard
33%
Let's Go Pikachu & Evoli Normal Tauros
33%
Eau Tortank
33%
Électrik / Poison Toxizap
33%
Dragon Tranchodon
33%
Dragon Tranchodon
33%
Électrik Voltali
33%
Électrik Voltali
33%
Dragon / Électrik Zekrom
33%
Ténèbres Zoroark
33%
Ultra Soleil & Ultra Lune Ténèbres Zoroark
33%
Ténèbres Absol
17%
Roche / Vol Aeropteryx
17%
Roche / Eau Amonistar
17%
Eau / Ténèbres Amphinobi
17%
Eau Aquali
17%
Eau Aquali
17%
Feu Arcanin
17%
Ténèbres / Combat Baggaïd
17%
Ténèbres / Combat Baggiguane
17%
Plante / Glace Blizzaroi
17%
Plante Bouldeneu
17%
Normal Capidextre
17%
N Noir & Blanc Ténèbres Chacripan
17%
Roche Charkos
17%
Combat Charpenti
17%
Insecte / Sol Cheniselle ( Cape Déchet )
17%
Insecte / Acier Cheniselle ( Cape Sable )
17%
Insecte / Acier Cizayox
17%
Acier Cliticlic
17%
Normal Coudlangue
17%
Sol / Ténèbres Crocorible
17%
Eau / Glace Crustabri
17%
Psy / Vol Cryptero
17%
Feu Darumarond
17%
Normal Delcatty
17%
Poison / Ténèbres Drascore
17%
Dragon / Combat Ekaïser
17%
Électrik Élecsprint
17%
Électrik / Vol Emolga
17%
Normal / Vol Étouraptor
17%
Acier / Spectre Exagide
17%
Poison / Psy Flagadoss de Galar
17%
Kassis Écarlate & Violet Normal Fouinar
17%
Psy / Fée Galopa de Galar
17%
Psy / Fée Gardevoir
17%
Roche Geolithe
17%
Roseille Écarlate & Violet Ténèbres Grahyèna
17%
Plante / Acier Grindur
17%
Fée Guerilande
17%
Normal Insolourdo
17%
Plante Joliflor
17%
Plante Jungko
17%
Roche / Eau Kabutops
17%
Psy Kadabra
17%
Combat Kungfouine
17%
Eau / Électrik Lanturn
17%
Sol / Dragon Libegon
17%
Normal Lockpin
17%
Normal Lockpin
17%
Roche Lougaroc
17%
Combat Mackogneur
17%
Glace / Sol Mammochon
17%
Normal Mangriff
17%
Sol / Ténèbres Mascaiman
17%
Eau / Roche Megapagos
17%
Fée Melodelfe
17%
Psy Mentali
17%
Psy Mesmerella
17%
Eau Milobellus
17%
Eau Milobellus
17%
Glace / Spectre Momartik
17%
Électrik / Ténèbres Morpeko
17%
Normal Morpheo
17%
Normal Moumouflon
17%
Acier / Fée Mysdibule
17%
Dragon / Eau Nigirigon
17%
Vol / Eau Nigosier
17%
Ténèbres Noctali
17%
Fée Nymphali
17%
Normal Pashmilla
17%
Plante Phyllali
17%
Aurel / Lucia Légendes Arceus Eau / Acier Pingoléon
17%
Normal / Vol Poichigeon
17%
Normal Porygon-Z
17%
Normal Porygon-Z
17%
Roche / Vol Ptera
17%
Feu Pyroli
17%
Feu Pyroli
17%
Électrik Raichu
17%
Trovato X & Y Électrik Raichu
17%
Sol / Roche Rhinastoc
17%
Psy / Vol Rhinolove
17%
Poison / Psy Roigada de Galar
17%
Normal Ronflex
17%
Eau Rosabyss
17%
Plante / Poison Roserade
17%
Électrik / Poison Salarsen (Forme Grave)
17%
Psy Siderella
17%
Feu / Combat Simiabraz
17%
Feu / Combat Simiabraz
17%
Glace Sorbouboul
17%
Eau / Psy Staross
17%
Insecte / Électrik Statitik
17%
Psy Symbios
17%
Roche / Acier Tarinorme
17%
Normal Tauros
17%
Ultra Soleil & Ultra Lune Normal Tauros
17%
Plante / Ténèbres Tengalice
17%
Eau / Poison Tentacruel
17%
Sol / Plante Terracruel
17%
Plante / Spectre Théffroyable
17%
Acier Tic
17%
Eau Tortank
17%
Plante / Sol Torterra
17%
Eau Tritonde
17%
Eau / Sol Tritosor
17%
Feu Typhlosion
17%
Électrik Voltali
17%
Électrik Wattapik
17%
Insecte / Vol Yanmega
17%
Feu Aflamanoir
0%
Psy Alakazam
0%
Eau Aquali
0%
Feu Arcanin
0%
Plante / Spectre Archéduc
0%
Roche / Insecte Armaldo
0%
Normal / Vol Bazoucan
0%
Insecte / Poison Brutapode
0%
Normal Deusolourdo
0%
Normal Dodoala
0%
Sol Dunaja
0%
Acier Ferdeter
0%
Feu Feunard
0%
Feu Feunard
0%
Fée Floette (Fleur Éternelle)
0%
Électrik Fulgudog
0%
Feu Galopa
0%
Eau Gamblast
0%
Glace Givrali
0%
Sol Hippodocus
0%
Ténèbres Leopardus
0%
Insecte / Plante Manternel
0%
Fée Mélofée
0%
Insecte / Poison Migalos
0%
Eau Milobellus
0%
Psy Mistigrix
0%
Psy / Fée M. Mime
0%
Dragon Muplodocus
0%
Dragon Muplodocus
0%
Poison / Sol Nidoqueen
0%
Vol / Eau Nigosier
0%
Insecte / Vol Ninjask
0%
Spectre Noctunoir
0%
Légendes Z-A Combat Palarticho
0%
Plante Phyllali
0%
Normal Porygon-Z
0%
Normal Porygon-Z
0%
Glace Séracrawl
0%
Poison / Fée Smogogo de Galar
0%
Glace Sorbouboul
0%
Noir 2 & Blanc 2 Eau Tarpaud
0%
Ténèbres / Spectre Ténéfix
0%
Plante / Ténèbres Tengalice
0%
Normal Terapagos
0%
Roche / Plante Vacilys
0%
Fée / Acier Zacian
0%
Combat / Acier Zamazenta
0%
Aucun quiz correspondant
Distribution des résultats
% des personnes avec chaque résultat
Percentile par nombre de réponses
Votre historique - résultats
Vous n’avez pas pris ce quiz depuis la dernière actualisation